[Event "Bay Area International"]
[Site "?"]
[Date "2019.01.05"]
[Round "6"]
[White "Canessa, John"]
[Black "Polavaram, Rithik"]
[Result "0-1"]
[WhiteElo "1958"]
[BlackElo "2056"]
[PlyCount "76"]
[EventDate "2019.??.??"]
[SourceVersionDate "2019.01.05"]

1. e4 e5 2. Nc3 Nc6 3. g3 Bc5 4. Bg2 a6 5. Nge2 Nge7 6. f4 d6 7. f5 f6 8. g4 b5
9. Ng3 g6 10. d3 Nd4 11. g5 Ng8 12. h4 Bb7 13. Nce2 Nxf5 14. Nxf5 gxf5 15. Ng3
f4 16. Nf5 Kf8 17. Qg4 Ne7 18. gxf6 Nxf5 19. Qxf5 Rg8 20. Bf3 Bc8 21. Qxh7 Qxf6
22. Bd2 Ra7 23. O-O-O Rh8 24. Qxh8+ Qxh8 25. h5 c6 26. Rh4 Qh6 27. c3 Bf2 28.
Rh2 Bb6 29. d4 exd4 30. Rh4 Rf7 31. Kb1 dxc3 32. Bxc3 a5 33. b3 b4 34. Bb2 Qg5
35. Rhh1 Ke7 36. h6 Rh7 37. Bg7 Qg3 38. Rd3 Ba6 0-1

[Event "Bay Area International"]
[Site "?"]
[Date "2019.01.05"]
[Round "6"]
[White "Cordova, Emilio"]
[Black "Xiong, Jeffrey"]
[Result "1-0"]
[WhiteElo "2597"]
[BlackElo "2672"]
[PlyCount "99"]
[EventDate "2019.??.??"]

1. Nf3 d5 2. c4 d4 3. b4 g5 4. h3 h6 5. Bb2 Bg7 6. e3 e5 7. c5 Ne7 8. Bc4 O-O
9. e4 Nbc6 10. a3 b6 11. cxb6 cxb6 12. d3 Bd7 13. Nbd2 b5 14. Bxb5 Nxb4 15. Bc4
Nbc6 16. h4 g4 17. Nh2 Rb8 18. Bc1 h5 19. f3 Ng6 20. g3 Nxh4 21. O-O Ng6 22.
fxg4 h4 23. gxh4 Qxh4 24. Ndf3 Qe7 25. Bg5 Qd6 26. Nh4 Nxh4 27. Bxh4 Na5 28.
Bd5 Bc6 29. Bxc6 Qxc6 30. g5 Rb2 31. Ng4 Qe6 32. Qf3 Rc8 33. Rab1 Rxb1 34. Rxb1
Nb3 35. Nf6+ Bxf6 36. gxf6 Kf8 37. Qd1 Qh3 38. Qh5 Ke8 39. Qxe5+ Kd7 40. Qd5+
Ke8 41. Qe5+ Kf8 42. Qg5 Qe6 43. Bg3 Rc3 44. Be1 Rc6 45. Ba5 Rc3 46. Bb4+ Ke8
47. Bxc3 dxc3 48. Qb5+ Kd8 49. Qb8+ Kd7 50. Rxb3 1-0

[Event "Bay Area International"]
[Site "?"]
[Date "2019.01.05"]
[Round "6"]
[White "Costello, Alex"]
[Black "Chambers, Ezra"]
[Result "1-0"]
[WhiteElo "2231"]
[BlackElo "2360"]
[PlyCount "39"]
[EventDate "2019.??.??"]
[SourceVersionDate "2019.01.05"]

1. e4 Nc6 2. Nf3 d6 3. d4 Nf6 4. c3 g6 5. Bd3 Bg7 6. O-O O-O 7. Re1 e5 8. h3
Bd7 9. Na3 Re8 10. Nc2 a5 11. Bd2 a4 12. Qc1 Na5 13. Bg5 c6 14. c4 Qc7 15. c5
Nxe4 16. Rxe4 f5 17. cxd6 Qxd6 18. dxe5 Qxd3 19. Rd4 Qe2 20. Rxd7 1-0

[Event "Bay Area International"]
[Site "?"]
[Date "2019.01.05"]
[Round "6"]
[White "Daggupati, Balaji"]
[Black "Johnston, Daniel"]
[Result "1-0"]
[WhiteElo "2257"]
[BlackElo "1979"]
[PlyCount "49"]
[EventDate "2019.??.??"]
[SourceVersionDate "2019.01.05"]

1. e4 c5 2. Nf3 g6 3. d4 cxd4 4. Qxd4 Nf6 5. e5 Nc6 6. Qa4 Nd5 7. Qe4 Nb6 8.
Nc3 Bg7 9. Bf4 d5 10. exd6 Bf5 11. Qe3 O-O 12. O-O-O exd6 13. Rxd6 Qc8 14. Bh6
Re8 15. Qd2 Bh8 16. Bb5 Na5 17. Rxb6 axb6 18. Bxe8 Qxe8 19. Re1 Be6 20. Ng5 Nc4
21. Qf4 Bxc3 22. bxc3 Rxa2 23. Qxc4 Ra1+ 24. Kd2 Rxe1 25. Qd4 1-0

[Event "Bay Area International"]
[Site "?"]
[Date "2019.01.05"]
[Round "6"]
[White "Eswaran, Ashritha"]
[Black "Shen, Christopher"]
[Result "1/2-1/2"]
[WhiteElo "2227"]
[BlackElo "2311"]
[PlyCount "124"]
[EventDate "2019.??.??"]
[SourceVersionDate "2019.01.05"]

1. e4 e6 2. d4 d5 3. Nc3 Bb4 4. e5 c5 5. a3 Bxc3+ 6. bxc3 Ne7 7. Qg4 Qc7 8.
Qxg7 Rg8 9. Qxh7 cxd4 10. Ne2 dxc3 11. f4 Nbc6 12. Qd3 Bd7 13. Rb1 Nf5 14. h3
Rc8 15. g4 Nfe7 16. Bg2 Na5 17. O-O a6 18. Nd4 Nec6 19. Qh7 Ne7 20. Qd3 Qc4 21.
Be3 Qxd3 22. cxd3 Ba4 23. f5 exf5 24. gxf5 c2 25. Rb4 b5 26. e6 f6 27. Ne2 Nac6
28. Rg4 Rh8 29. Rg7 Ne5 30. Nc1 Kf8 31. Rg3 Rh5 32. Bd4 Rxf5 33. Rxf5 Nxf5 34.
Bxe5 Nxg3 35. Bxg3 Ke7 36. Bxd5 Rc5 37. Ba2 Rg5 38. Kh2 a5 39. d4 b4 40. axb4
axb4 41. d5 b3 42. d6+ Kxe6 43. Bxb3+ Bxb3 44. Nxb3 Rb5 45. Nd4+ Kd7 46. Ne2
Rb2 47. Nc1 Ke6 48. Bf4 Rb4 49. Kg3 Kf5 50. Be3 Rb5 51. Ne2 Rd5 52. Bf4 Rd3+
53. Kf2 Rxh3 54. Bg3 Rh7 55. Nd4+ Ke4 56. Nxc2 f5 57. Nb4 f4 58. Bxf4 Kxf4 59.
Nd3+ Ke4 60. Nc5+ Kf4 61. d7 Rh2+ 62. Kg1 Rd2 1/2-1/2

[Event "Bay Area International"]
[Site "?"]
[Date "2019.01.05"]
[Round "6"]
[White "Free, Graham"]
[Black "Wang, Justin"]
[Result "0-1"]
[WhiteElo "2015"]
[BlackElo "2419"]
[PlyCount "118"]
[EventDate "2019.??.??"]
[SourceVersionDate "2019.01.05"]

1. d4 Nf6 2. Nf3 e6 3. Bf4 c5 4. e3 d5 5. c3 Bd6 6. Bg3 O-O 7. Nbd2 Qc7 8. dxc5
Qxc5 9. Bd3 Nbd7 10. e4 e5 11. O-O dxe4 12. Bxe4 Qc7 13. Re1 Re8 14. Bc2 Nb6
15. h3 Bd7 16. Bh4 Nfd5 17. Ne4 Bf8 18. Nfg5 Bf5 19. c4 Nf4 20. c5 Nc8 21. Bg3
Rd8 22. Qf3 Bg6 23. Bxf4 exf4 24. h4 Rd7 25. h5 Bf5 26. h6 Ne7 27. Qb3 Nc6 28.
Nd6 Nd4 29. Qc3 Bxc2 30. Qxd4 gxh6 31. Nge4 Bxe4 32. Rxe4 Bxd6 33. cxd6 Qxd6
34. Qc4 Qd5 35. Qb4 a5 36. Qe1 Qd2 37. Re8+ Rxe8 38. Qxe8+ Kg7 39. Re1 Rd5 40.
Re7 Qd1+ 41. Re1 Qd4 42. Qe2 b5 43. b3 b4 44. Qg4+ Rg5 45. Qf3 Qd2 46. Re2 Qc1+
47. Kh2 Qc3 48. Qxc3+ bxc3 49. Rc2 Rc5 50. a3 Kf6 51. b4 axb4 52. axb4 Rc8 53.
b5 Ke5 54. b6 Kd4 55. Ra2 Rb8 56. Kh3 Rxb6 57. Kg4 Rb2 58. Ra4+ Kd3 59. Ra3 Kd2
0-1

[Event "Bay Area International"]
[Site "?"]
[Date "2019.01.05"]
[Round "6"]
[White "Ghazarian, Kirk"]
[Black "Mackenzie, Dana"]
[Result "1/2-1/2"]
[WhiteElo "2226"]
[BlackElo "2012"]
[PlyCount "94"]
[EventDate "2019.??.??"]
[SourceVersionDate "2019.01.05"]

1. d4 Nf6 2. c4 d5 3. cxd5 Nxd5 4. e4 Nf6 5. Nc3 e5 6. Nf3 exd4 7. Nxd4 Bc5 8.
Be3 O-O 9. Ne6 Bxe6 10. Bxc5 Qxd1+ 11. Rxd1 Re8 12. Be2 Nbd7 13. Bd4 c5 14. Be3
a6 15. f4 Bf5 16. e5 Ng4 17. Bg1 b5 18. h3 Nh6 19. g4 Be6 20. Bf3 Ra7 21. Ne4
Rc7 22. Nd6 Re7 23. Bh2 f5 24. Rg1 g6 25. Bg3 Bxa2 26. Ra1 Bb3 27. Rxa6 b4 28.
Ra8+ Nf8 29. Ne8 Ra7 30. Rc8 Ra1+ 31. Kf2 Ra2 32. Rc1 Rxb2+ 33. Ke3 Be6 34.
Nf6+ Kg7 35. R8xc5 Ra7 36. Rc7+ Rxc7 37. Rxc7+ Nf7 38. Re7 Rb3+ 39. Kf2 Rb2+
40. Kg1 b3 41. Bf2 Rc2 42. Bd4 b2 43. Ne8+ Kh8 44. Bxb2 Rxb2 45. Nc7 Bc4 46.
Re8 Kg7 47. e6 Nxe6 1/2-1/2

[Event "Bay Area International"]
[Site "?"]
[Date "2019.01.05"]
[Round "6"]
[White "Harazinska, Ewa"]
[Black "Betaneli, Alex"]
[Result "0-1"]
[WhiteElo "2222"]
[BlackElo "2254"]
[PlyCount "108"]
[EventDate "2019.??.??"]
[SourceVersionDate "2019.01.05"]

1. d4 d5 2. c4 e6 3. Nc3 Be7 4. cxd5 exd5 5. Bf4 c6 6. Qc2 Bd6 7. Bxd6 Qxd6 8.
e3 Ne7 9. Bd3 Qf6 10. Nf3 Bf5 11. Bxf5 Qxf5 12. Qxf5 Nxf5 13. Rc1 Nd7 14. Na4
f6 15. Nd2 Kf7 16. O-O Rhe8 17. Rfe1 Re7 18. Kf1 Rae8 19. Red1 g5 20. Nc5 Nxc5
21. Rxc5 h5 22. g3 g4 23. Ra5 Rxe3 24. Rxa7 R3e7 25. Nb3 Nd6 26. Na5 Kg6 27. a4
Re2 28. Nxb7 Nc4 29. Nc5 Nxb2 30. Rc1 Rd2 31. Re1 Rxe1+ 32. Kxe1 Rxd4 33. a5
Na4 34. Nd7 Nc3 35. Kf1 Rd1+ 36. Kg2 Ne4 37. Nf8+ Kf5 38. f4 h4 39. gxh4 Rd2+
40. Kg1 Kxf4 41. Rb7 Nc3 42. Rf7 Ke3 43. Re7+ Ne4 44. Rb7 Nc3 45. Rb3 d4 46.
Ne6 c5 47. Ra3 Kf3 48. Ra1 Rg2+ 49. Kh1 d3 50. Nxc5 d2 51. Nd3 d1=Q+ 52. Rxd1
Nxd1 53. Ne1+ Kf2 54. Nxg2 Kf1 0-1

[Event "Bay Area International"]
[Site "?"]
[Date "2019.01.05"]
[Round "6"]
[White "Harmon-Vellotti, Luke"]
[Black "Lee, Andy"]
[Result "1-0"]
[WhiteElo "2455"]
[BlackElo "2226"]
[PlyCount "77"]
[EventDate "2019.??.??"]
[SourceVersionDate "2019.01.05"]

1. e4 e6 2. d4 d5 3. Nc3 Bb4 4. e5 Ne7 5. Bd2 b6 6. Qg4 Nf5 7. Bd3 h5 8. Qf4 g5
9. Qxg5 Qxg5 10. Bxg5 Nxd4 11. O-O-O Be7 12. h4 c5 13. Nb5 Nxb5 14. Bxb5+ Bd7
15. Be2 Nc6 16. f4 b5 17. Bf3 b4 18. Ne2 a5 19. Ng3 a4 20. Nxh5 Nd4 21. Nf6+
Kd8 22. c4 bxc3 23. bxc3 Nxf3 24. gxf3 Bb5 25. Rd2 a3 26. h5 Ra4 27. h6 Rc4 28.
Ne4 Ke8 29. Bf6 Bxf6 30. Nd6+ Kd7 31. Nxc4 Bxc4 32. exf6 Rh7 33. Rg2 e5 34. Rg7
Rh8 35. h7 Bd3 36. fxe5 Ke6 37. f4 Be4 38. Rg8 Rxh7 39. Re8+ 1-0

[Event "Bay Area International"]
[Site "?"]
[Date "2019.01.05"]
[Round "6"]
[White "Hevia, Carlos"]
[Black "Grabinsky, Aaron"]
[Result "1/2-1/2"]
[WhiteElo "2476"]
[BlackElo "2350"]
[PlyCount "144"]
[EventDate "2019.??.??"]
[SourceVersionDate "2019.01.05"]

1. Nf3 d5 2. e3 Nf6 3. b3 c5 4. Bb2 a6 5. c4 Nc6 6. d4 cxd4 7. Nxd4 Bg4 8. Nxc6
bxc6 9. Qc2 e6 10. Bd3 Bb4+ 11. Nc3 O-O 12. O-O Bh5 13. e4 Bg6 14. exd5 cxd5
15. Bxg6 hxg6 16. a3 Be7 17. cxd5 Nxd5 18. Nxd5 Qxd5 19. Rfd1 Qb5 20. Rd3 Rfc8
21. Qe2 Bf6 22. Rad1 Rab8 23. a4 Qb7 24. Bxf6 gxf6 25. h4 Rc5 26. Rf3 Kg7 27.
Qb2 Qe7 28. Rfd3 Qc7 29. Rd7 Qc6 30. Ra7 Rd5 31. Rc1 Qd6 32. Qc2 Qb4 33. g3 f5
34. Qc7 Qf8 35. Rb7 Rxb7 36. Qxb7 Qa3 37. Rc7 Qa1+ 38. Kg2 Qf6 39. Rc4 a5 40.
b4 axb4 41. Qxb4 Qe5 42. Qc3 Kf6 43. Kf3 Rd1 44. Qxe5+ Kxe5 45. Rc7 Ra1 46. Ra7
Ra3+ 47. Kg2 Kf6 48. a5 g5 49. h5 g4 50. a6 Kg7 51. Ra8 e5 52. Re8 Rxa6 53.
Rxe5 Rf6 54. f3 Kh6 55. Kf2 Kxh5 56. Rc5 Kg6 57. Rc8 Ra6 58. Rg8+ Kh7 59. Rg5
Rf6 60. f4 Kh6 61. Ke3 Rb6 62. Rxf5 f6 63. Rd5 Kg6 64. Ke4 Re6+ 65. Kd3 Re1 66.
Kd2 Rg1 67. Rd3 Kf5 68. Re3 Rg2+ 69. Kd3 Rf2 70. Kd4 Rf3 71. Kd3 Rf2 72. Kd4
Rf3 1/2-1/2

[Event "Bay Area International"]
[Site "?"]
[Date "2019.01.05"]
[Round "6"]
[White "Hong, Andrew"]
[Black "Brown, Michael"]
[Result "1/2-1/2"]
[WhiteElo "2390"]
[BlackElo "2524"]
[PlyCount "83"]
[EventDate "2019.??.??"]
[SourceVersionDate "2019.01.05"]

1. e4 e5 2. Nf3 Nc6 3. Bc4 Bc5 4. O-O Nf6 5. d3 d6 6. c3 O-O 7. h3 h6 8. Re1 a5
9. Bb3 Be6 10. Ba4 Bd7 11. Nbd2 Qb8 12. Nf1 b5 13. Bc2 Qa7 14. Ne3 a4 15. Nh4
b4 16. a3 b3 17. Bb1 Ne7 18. Nf3 Nc6 19. Qd2 Rfe8 20. Rd1 Rad8 21. Nf1 Bb6 22.
Ng3 Ne7 23. d4 c5 24. dxe5 dxe5 25. Nxe5 Bg4 26. Nxg4 Nxg4 27. Qe2 Rxd1+ 28.
Qxd1 Ne5 29. f4 Rd8 30. Qf1 c4+ 31. Kh2 Nd3 32. Bxd3 Rxd3 33. f5 Bc7 34. Bf4
Qb8 35. Nh5 Bxf4+ 36. Qxf4 Qxf4+ 37. Nxf4 Rd2 38. Rb1 Nc6 39. Nd5 Ne5 40. Nb6
Re2 41. Nxa4 Nd3 42. e5 1/2-1/2

[Event "Bay Area International"]
[Site "?"]
[Date "2019.01.05"]
[Round "6"]
[White "Hilby, Craig"]
[Black "Sevian, Samuel"]
[Result "0-1"]
[WhiteElo "2445"]
[BlackElo "2647"]
[PlyCount "64"]
[EventDate "2019.??.??"]

1. d4 Nf6 2. c4 e6 3. Nf3 d5 4. Nc3 c6 5. Bg5 h6 6. Bxf6 Qxf6 7. Qb3 a5 8. a3
a4 9. Qc2 dxc4 10. e4 b5 11. Be2 Bb7 12. Rd1 Nd7 13. O-O g6 14. d5 e5 15. dxc6
Bxc6 16. Nd5 Qd8 17. Rd2 h5 18. Qc3 Bh6 19. Rdd1 Bg7 20. Nb4 Bb7 21. Rd6 Qc7
22. Rfd1 Nc5 23. Ng5 O-O 24. Qh3 Rad8 25. Rxd8 Rxd8 26. Nd5 Bxd5 27. Rxd5 Rxd5
28. exd5 Qd8 29. d6 Bf6 30. Qe3 Qxd6 31. Ne4 Nxe4 32. Qxe4 Qd2 0-1

[Event "Bay Area International"]
[Site "?"]
[Date "2019.01.05"]
[Round "6"]
[White "Jacobson, Aaron"]
[Black "Katz, Alexander"]
[Result "1/2-1/2"]
[WhiteElo "2286"]
[BlackElo "2433"]
[PlyCount "107"]
[EventDate "2019.??.??"]
[SourceVersionDate "2019.01.05"]

1. Nf3 Nf6 2. c4 e6 3. Nc3 d5 4. e3 Be7 5. b3 O-O 6. Bb2 b6 7. cxd5 exd5 8. d4
Bb7 9. Bd3 Nbd7 10. O-O Re8 11. Ne5 Bb4 12. Bb5 Re6 13. Ne2 a6 14. Bd3 Bd6 15.
Bf5 Re8 16. f4 Nf8 17. Ng3 c5 18. Rc1 Ne6 19. Qf3 a5 20. Bb1 cxd4 21. exd4 Bf8
22. Nf5 Ne4 23. Ng3 f6 24. Nc6 Qd7 25. Nxe4 Bxc6 26. Ng3 Bb5 27. Rfe1 Bb4 28.
Red1 g6 29. a3 Bf8 30. f5 Ng5 31. Qf2 Qf7 32. a4 Bd7 33. Rf1 Bg7 34. Qf4 Rac8
35. Rxc8 Bxc8 36. Bd3 Bb7 37. Qd6 Qe7 38. Qxe7 Rxe7 39. fxg6 hxg6 40. Bxg6 Re3
41. Bc2 Ba6 42. Rd1 Ne4 43. Nxe4 dxe4 44. d5 Re2 45. d6 Bc8 46. Bxe4 Rxe4 47.
d7 Bxd7 48. Rxd7 Re3 49. Rd6 Rxb3 50. Bxf6 Bf8 51. Rd8 Kf7 52. Bd4 Rb4 53. Be3
Be7 54. Rb8 1/2-1/2

[Event "Bay Area International"]
[Site "?"]
[Date "2019.01.05"]
[Round "6"]
[White "Kiewra, Keaton"]
[Black "Chandra, Akshat"]
[Result "1/2-1/2"]
[WhiteElo "2362"]
[BlackElo "2492"]
[PlyCount "76"]
[EventDate "2019.??.??"]
[SourceVersionDate "2019.01.05"]

1. Nf3 Nf6 2. c4 b6 3. g3 Bb7 4. Bg2 g6 5. b3 Bg7 6. Bb2 O-O 7. O-O c5 8. d4
cxd4 9. Qxd4 d6 10. Nc3 Nbd7 11. Rac1 a6 12. Qd3 Nc5 13. Qb1 b5 14. b4 Nce4 15.
Nxe4 Bxe4 16. Qa1 a5 17. cxb5 axb4 18. Rc4 Bd5 19. Rxb4 Rxa2 20. Qd1 Qa8 21. b6
Qa5 22. Bc3 Qc5 23. Qd4 Rc2 24. Ba1 Rb8 25. Qxc5 dxc5 26. Rb5 Nd7 27. Ne5 Bxg2
28. Nxd7 Bxf1 29. Kxf1 Rxb6 30. Rxb6 Bxa1 31. Rc6 c4 32. Nb6 c3 33. Nd5 e6 34.
Nb4 Rc1+ 35. Kg2 Kf8 36. Nd3 Rd1 37. Rc7 Ke8 38. g4 g5 1/2-1/2

[Event "Bay Area International"]
[Site "?"]
[Date "2019.01.05"]
[Round "6"]
[White "Kondakov, Adrian"]
[Black "Gaffagan, Steven"]
[Result "1-0"]
[WhiteElo "2018"]
[BlackElo "1996"]
[PlyCount "67"]
[EventDate "2019.??.??"]
[SourceVersionDate "2019.01.05"]

1. e4 c5 2. Nf3 e6 3. d4 cxd4 4. Nxd4 Nc6 5. Nc3 Qc7 6. Be3 a6 7. Qf3 d6 8.
O-O-O Nf6 9. h3 h5 10. g3 Bd7 11. Qe2 Be7 12. f4 Rc8 13. Nxc6 Bxc6 14. Bg2 b5
15. a3 Qb7 16. Bd4 a5 17. b4 axb4 18. axb4 O-O 19. g4 d5 20. e5 Ne4 21. Bxe4
dxe4 22. gxh5 e3 23. Rhg1 Bf3 24. Qxe3 Bxh5 25. f5 exf5 26. e6 Bg6 27. exf7+
Kxf7 28. Rxg6 Kxg6 29. Rg1+ Kf7 30. Rxg7+ Ke8 31. Nd5 Rf7 32. Nf6+ Rxf6 33.
Bxf6 Rc7 34. Qe6 1-0

[Event "Bay Area International"]
[Site "?"]
[Date "2019.01.05"]
[Round "6"]
[White "Kumar, Nikhil"]
[Black "Kumar, Naman"]
[Result "1-0"]
[WhiteElo "2281"]
[BlackElo "1868"]
[PlyCount "71"]
[EventDate "2019.??.??"]
[SourceVersionDate "2019.01.05"]

1. b3 e5 2. Bb2 Nc6 3. e3 Nf6 4. Bb5 d6 5. d4 a6 6. Be2 exd4 7. exd4 Be7 8. d5
Nb8 9. Nf3 Bf5 10. c4 O-O 11. O-O Nbd7 12. Nc3 Re8 13. Re1 Ne4 14. Nxe4 Bxe4
15. Bd3 Bxd3 16. Qxd3 Bf6 17. Rxe8+ Qxe8 18. Re1 Bxb2 19. Rxe8+ Rxe8 20. g3 Ne5
21. Nxe5 Bxe5 22. Qf5 Rd8 23. c5 Bf6 24. c6 b6 25. Qd3 a5 26. Qa6 Re8 27. Qb7
Bd8 28. Qc8 Kf8 29. Qd7 g6 30. Kg2 h5 31. f4 Re2+ 32. Kf3 Re8 33. h4 b5 34. a3
b4 35. a4 f6 36. Qh7 1-0

[Event "Bay Area International"]
[Site "?"]
[Date "2019.01.05"]
[Round "6"]
[White "Li, Eric"]
[Black "Cline, John"]
[Result "0-1"]
[WhiteElo "2007"]
[BlackElo "2272"]
[PlyCount "146"]
[EventDate "2019.??.??"]
[SourceVersionDate "2019.01.05"]

1. d4 Nf6 2. c4 e6 3. g3 c5 4. Nf3 cxd4 5. Nxd4 a6 6. Bg2 Qc7 7. b3 Bb4+ 8. Bd2
Be7 9. Nc3 Nc6 10. Nc2 O-O 11. O-O d6 12. Rc1 Bd7 13. Ne3 Ne5 14. Qc2 Rac8 15.
a4 Qb8 16. Qb2 h6 17. Rfd1 Bc6 18. Nc2 Bxg2 19. Kxg2 b6 20. Ne1 Qb7+ 21. Kg1
Rfd8 22. Bf4 Ng6 23. Nd3 h5 24. Bg5 h4 25. Qd2 b5 26. axb5 axb5 27. Bxf6 Bxf6
28. Nxb5 d5 29. Qe3 Ra8 30. Rc2 dxc4 31. bxc4 Ne5 32. gxh4 Nxc4 33. Rxc4 Qxb5
34. Rg4 Ra4 35. Rxa4 Qxa4 36. Rb1 Qxh4 37. Rb4 Rxd3 38. Qc5 Rd1+ 39. Kg2 Qg5+
40. Qxg5 Bxg5 41. Rb8+ Kh7 42. Rb3 Rd2 43. Rh3+ Kg8 44. e3 f5 45. Kf3 Kf7 46.
Rg3 Kf6 47. Rg1 Bh4 48. Rf1 Ke5 49. h3 g5 50. Kg2 Ke4 51. Kh1 Rxf2 52. Rg1 Kf3
53. e4 f4 54. e5 Re2 55. Rf1+ Ke3 56. Ra1 Re1+ 57. Rxe1+ Bxe1 58. Kg2 Bh4 59.
Kf1 Kf3 60. Kg1 Kg3 61. Kf1 Kxh3 62. Ke2 g4 63. Kd3 g3 64. Kc4 g2 65. Kc5 g1=Q+
66. Kd6 Qg4 67. Kd7 f3 68. Ke8 f2 69. Kd7 f1=Q 70. Kc6 Qd4 71. Kc7 Qc1+ 72. Kb8
Qb4+ 73. Ka8 Qa1# 0-1

[Event "Bay Area International"]
[Site "?"]
[Date "2019.01.05"]
[Round "6"]
[White "Li, Zhaozhi"]
[Black "Polgar-Shutzman, Tom"]
[Result "1-0"]
[WhiteElo "2395"]
[BlackElo "2181"]
[PlyCount "95"]
[EventDate "2019.??.??"]
[SourceVersionDate "2019.01.05"]

1. d4 Nf6 2. c4 e6 3. Nf3 d5 4. Nc3 a6 5. cxd5 exd5 6. Bg5 Be6 7. e3 Nbd7 8.
Bd3 Bd6 9. Bf4 Qe7 10. O-O O-O 11. Re1 Rac8 12. h3 h6 13. Ne5 c5 14. Qf3 b5 15.
Nxd7 Nxd7 16. Nxd5 Bxd5 17. Qxd5 Bxf4 18. exf4 Nf6 19. Qe5 Qd8 20. Bf5 Re8 21.
Bxc8 Rxe5 22. dxe5 Qxc8 23. exf6 Qf5 24. Re8+ Kh7 25. fxg7 Kxg7 26. Rae1 Qxf4
27. R1e3 Qd4 28. Rg3+ Kf6 29. Rf3+ Kg7 30. b3 c4 31. bxc4 Qxc4 32. a3 Qd4 33.
Ree3 Qd1+ 34. Kh2 Qd6+ 35. g3 Qd5 36. Rf4 Kg6 37. a4 bxa4 38. Rxa4 a5 39. Rea3
Qd2 40. Ra2 Qe1 41. Rxa5 Qf1 42. R5a4 Qb1 43. Rg4+ Kh7 44. Ra7 h5 45. Rf4 h4
46. Rxh4+ Kg8 47. Rg4+ Kh7 48. Rf4 1-0

[Event "Bay Area International"]
[Site "?"]
[Date "2019.01.05"]
[Round "6"]
[White "Liem, Le Quang"]
[Black "Liou, Yian"]
[Result "1-0"]
[WhiteElo "2714"]
[BlackElo "2412"]
[PlyCount "147"]
[EventDate "2019.??.??"]

1. e4 e5 2. Nf3 Nc6 3. Bb5 a6 4. Ba4 Nf6 5. O-O Be7 6. Re1 b5 7. Bb3 d6 8. c3
O-O 9. h3 Nb8 10. d4 Nbd7 11. Nbd2 Bb7 12. Bc2 Re8 13. a4 Bf8 14. Bd3 c6 15.
Qc2 g6 16. b4 Nb6 17. axb5 axb5 18. Rxa8 Bxa8 19. Nb3 Nbd7 20. Bg5 h6 21. Be3
Qc7 22. dxe5 dxe5 23. Ra1 Bb7 24. c4 bxc4 25. Bxc4 c5 26. Nfd2 Rc8 27. Ra7 Ra8
28. Rxa8 Bxa8 29. bxc5 Bc6 30. Bd3 Qa7 31. Qc3 Qa4 32. Na5 Ne8 33. Nxc6 Qxc6
34. Nb3 Qc7 35. Bb5 Ndf6 36. Qc4 Qd8 37. Nd2 Nc7 38. Bc6 Qc8 39. Bd5 Qd7 40. c6
Qe8 41. Bb6 Bd6 42. Qd3 Qe7 43. Bb3 Kg7 44. Qc2 Nce8 45. g3 Bc7 46. Bc5 Bd6 47.
Be3 Bc7 48. Kg2 Nd6 49. Qc5 Nc8 50. Qb5 Nd6 51. Qa4 Qe8 52. Bd5 Nc8 53. Nc4 Ne7
54. Qb5 Qd8 55. Nb6 Nc8 56. Nxc8 Qxc8 57. Qc4 Qe8 58. Qc1 Ng8 59. Kh2 h5 60.
Qb2 Nf6 61. Bg5 Qb8 62. Qb7 Qd8 63. Kg2 Qd6 64. Qb3 Qf8 65. Qe3 Qd6 66. Qf3 Bd8
67. Bc1 Bb6 68. Ba3 Bc5 69. Bb2 Bb6 70. g4 hxg4 71. hxg4 Qe7 72. g5 Nh7 73.
Bxe5+ Kg8 74. Qf4 1-0

[Event "Bay Area International"]
[Site "?"]
[Date "2019.01.05"]
[Round "6"]
[White "Macieja, Bartlomiej"]
[Black "Negi, Parimarjan"]
[Result "1-0"]
[WhiteElo "2509"]
[BlackElo "2656"]
[PlyCount "93"]
[EventDate "2019.??.??"]

1. c4 g6 2. e4 e5 3. Nf3 Nc6 4. d4 exd4 5. Nxd4 Bg7 6. Be3 Nge7 7. Nc3 O-O 8.
h4 f5 9. h5 f4 10. Nxc6 Nxc6 11. hxg6 hxg6 12. Bd2 d6 13. Qa4 Be6 14. O-O-O a6
15. Nd5 b5 16. Qa3 Rb8 17. Nxf4 Rxf4 18. Bxf4 bxc4 19. Rd2 g5 20. Be3 Bf7 21.
Rc2 Nb4 22. Rxc4 c5 23. Rh3 g4 24. Rg3 Qh4 25. e5 Be6 26. Be2 Qh1+ 27. Kd2 dxe5
28. Rxb4 Rd8+ 29. Bd3 cxb4 30. Qxa6 Bf5 31. Bb6 Bh6+ 32. Ke2 Rd6 33. Qc4+ Be6
34. Qxb4 Qc1 35. Be3 Bxe3 36. Rxe3 Rd4 37. Qb8+ Kf7 38. Rxe5 Rd7 39. Qb6 Re7
40. Qd4 g3 41. Re3 Bg4+ 42. Qxg4 Qxb2+ 43. Kd1 Qa1+ 44. Kd2 Qxa2+ 45. Bc2 Qa5+
46. Kd1 Qa1+ 47. Ke2 1-0

[Event "Bay Area International"]
[Site "?"]
[Date "2019.01.05"]
[Round "6"]
[White "Mishra, Abhimanyu"]
[Black "Colas, Joshua"]
[Result "1-0"]
[WhiteElo "2120"]
[BlackElo "2309"]
[PlyCount "123"]
[EventDate "2019.??.??"]
[SourceVersionDate "2019.01.05"]

1. e4 d5 2. exd5 Qxd5 3. Nc3 Qd8 4. d4 Nf6 5. Bc4 g6 6. Nf3 Bg7 7. O-O O-O 8.
h3 a6 9. a4 b6 10. Be3 Bb7 11. Qe2 e6 12. Rad1 Qc8 13. Rfe1 Nc6 14. Ne5 Ne7 15.
Bf4 Ned5 16. Nxd5 Nxd5 17. Bg3 Qd8 18. c3 Qe7 19. a5 b5 20. Bb3 h5 21. Nd3 Qg5
22. Qd2 Qd8 23. Nc5 Bc6 24. Be5 Re8 25. Bxg7 Kxg7 26. Re5 Qf6 27. Bc2 Ne7 28.
Be4 Red8 29. Qe2 Bd5 30. Bxd5 Nxd5 31. Re1 c6 32. Qe4 Ra7 33. h4 Re8 34. g3 Qd8
35. Kg2 Qxa5 36. g4 hxg4 37. Qxg4 Nf6 38. Qg3 Qc7 39. f4 Rh8 40. Kf2 Qd6 41.
Ne4 Nxe4+ 42. R1xe4 Kf8 43. h5 Rxh5 44. Rxh5 gxh5 45. Re5 Ke7 46. f5 Kd7 47.
Qg7 Qe7 48. f6 Qe8 49. Rxh5 Ra8 50. Rh7 a5 51. Qg6 e5 52. Rxf7+ Kd6 53. Qg7
exd4 54. Re7 Qg8 55. Rd7+ Kc5 56. Qe7+ Kc4 57. Rxd4+ Kb3 58. Qa3+ Kc2 59. c4
Qf8 60. Qc3+ Kb1 61. Rd1+ Ka2 62. b4 1-0

[Event "Bay Area International"]
[Site "?"]
[Date "2019.01.05"]
[Round "6"]
[White "Mont-Reynaud, Jordy"]
[Black "Ampie, Mauro"]
[Result "0-1"]
[WhiteElo "2241"]
[BlackElo "2318"]
[PlyCount "110"]
[EventDate "2019.??.??"]
[SourceVersionDate "2019.01.05"]

1. d4 Nf6 2. c4 e6 3. Nf3 b6 4. g3 Bb7 5. Bg2 Be7 6. d5 exd5 7. Nh4 c6 8. Nf5
O-O 9. cxd5 Nxd5 10. e4 Nc7 11. O-O d5 12. Re1 Bf6 13. e5 Be7 14. Qg4 g6 15.
Nxe7+ Qxe7 16. Bg5 f6 17. Bh6 Re8 18. f4 f5 19. Qe2 Ne6 20. Nd2 Nd7 21. g4 Qh4
22. gxf5 gxf5 23. Bg5 Nxg5 24. fxg5 Rxe5 25. Nf3 Qxe1+ 26. Rxe1 Rxe2 27. Rxe2
Rf8 28. Bh3 Nc5 29. Re7 Rf7 30. Re8+ Rf8 31. Rxf8+ Kxf8 32. Bxf5 Kg7 33. Nd4
Na4 34. Ne6+ Kg8 35. b3 Nc3 36. a4 Bc8 37. Kg2 Ne4 38. Nd4 Bxf5 39. Nxf5 Kf8
40. Nd4 c5 41. Nb5 c4 42. bxc4 dxc4 43. Kf3 c3 44. Nd4 Nc5 45. Ke3 Kf7 46. Nb5
Nxa4 47. Nxa7 Kg6 48. Nb5 Kxg5 49. Nd4 Kg4 50. Nf3 h5 51. Ng1 b5 52. Kd3 b4 53.
Kc4 c2 54. Ne2 Nc5 55. Nc1 b3 0-1

[Event "Bay Area International"]
[Site "?"]
[Date "2019.01.05"]
[Round "6"]
[White "Nagarajan, Pranav"]
[Black "Anderson, Michael"]
[Result "1-0"]
[WhiteElo "2206"]
[BlackElo "1751"]
[PlyCount "61"]
[EventDate "2019.??.??"]
[SourceVersionDate "2019.01.05"]

1. c4 e5 2. Nc3 Bc5 3. e3 Nc6 4. Nf3 Qe7 5. Nd5 Qd6 6. a3 a5 7. d4 Ba7 8. b4 f6
9. e4 Bb8 10. c5 Qe6 11. Bc4 Qg4 12. Ne3 Qh5 13. d5 Nd4 14. Nxd4 Qxd1+ 15. Nxd1
exd4 16. Bb2 axb4 17. axb4 Rxa1 18. Bxa1 Ba7 19. Bxd4 d6 20. Bb5+ Kf7 21. Be3
dxc5 22. bxc5 Ne7 23. d6 cxd6 24. cxd6 Bxe3 25. dxe7 Bd4 26. e8=Q+ Rxe8 27.
Bxe8+ Kxe8 28. Ne3 b6 29. Kd2 g6 30. Rb1 Kd7 31. Nd5 1-0